000 00898nam a2200253Ia 4500
003 OSt
005 20221005111646.0
006 a|||||r|||| 00| 0
007 ta
008 221004b |||||||| |||| 00| 0 hin d
024 _a121131
037 _bGift, 14/09/2012,
_cTextual
040 _aCRL
_cCRL
_bhin
041 _2hin
_ahin
082 _aO152,1N42x, Q0
100 _aनन्दा, सत्येन्द्र प्रकाश
245 0 _aत्रिवेणी प्रवाह
246 _aTriveṇī pravāha
260 _aपठानकोट
_bअलोक प्रकाशन भारत
_c2010
300 _a80पृ0
_ccm.
650 _aहिन्दी साहित्य
942 _hO152,1N42x, Q0
_cTEXL
_2cc
999 _c1022473
_d1022473